LDR 00594naa#a2200193#i#450# 001 EN\\bibl\122718 005 20260513184218.3 011 ## _a0042-4846 100 ## _a20260326b2026####ek#y0engy0150####ca 102 ## _aRU 200 1# _aBLUETONGUE IS BACK IN EUROPE _eJournal article 210 1# _aMoscow _cANO Veterinary Medicine Journal _d2026 215 ## _a6 с. 608 ## _aJournal article _2local 686 ## _aВетеринария. 68.41 _2grnti 700 #1 _aMakarov _gVladimir Vladimirovich 700 #1 _aBarsukov _gYuriy Ivanovich 700 #1 _aStekol'nikov _gAnatoliy Aleksandrovich 856 4# _aveterinaria.su _u